Aktuálne otázky výučby manažmentu

Guardado en:
Detalles Bibliográficos
Autor principal: Novák, Jaromír, 1978-
Autor Corporativo: Ekonomická univerzita v Bratislave. Národohospodárska fakulta
Otros Autores: Orbánová, Darina, Tóthová, Zuzana
Formato: Libro
Lenguaje:eslovaco
Publicado: Bratislava Vydavateľstvo EKONÓM 2008
Materias:
Etiquetas: Agregar Etiqueta
Sin Etiquetas, Sea el primero en etiquetar este registro!

MARC

LEADER 00000nam$a2200000$$$4500
001 0085798
005 20240502071956.6
020 |a 978-80-225-2591-6 
041 0 |a slo 
044 |a SK 
245 1 0 |a Aktuálne otázky výučby manažmentu  |c Jaromír Novák 
264 1 |a Bratislava  |b Vydavateľstvo EKONÓM  |c 2008 
300 |a 76 s. 
610 2 0 |a manažment 
610 2 0 |a didaktika 
610 2 0 |a vyučovanie 
100 1 |a Novák, Jaromír, 1978- 
700 1 |a Orbánová, Darina 
700 1 |a Tóthová, Zuzana 
710 2 |a Ekonomická univerzita v Bratislave. Národohospodárska fakulta